000 01336nam a22002777a 4500
999 _c9991
_d9991
005 20251125232825.0
008 s2543 th tha d
020 _a9748212548
040 _aNALT
041 _atha
050 _aDS586 ร161 2543
245 1 0 _aรวมเลือดเนื้อชาติเชื้อไทย
260 3 _aกรุงเทพฯ :
_bสารคดี,
_c2543
300 _a224 หน้า :
_b ภาพประกอบ ;
_c 29 ซม.
650 0 4 _aความขัดแย้งทางการเมือง
650 0 4 _aนักศึกษา -- กิจกรรมทางการเมือง
650 0 4 _aพฤษภาทมิฬ
650 0 4 _aวันมหาวิปโยค
650 0 4 _aไทย -- การเมืองและการปกครอง -- กรุงรัตนโกสินทร์, 2516
650 0 4 _aไทย -- การเมืองและการปกครอง -- กรุงรัตนโกสินทร์, 2519
650 0 4 _aไทย -- การเมืองและการปกครอง -- กรุงรัตนโกสินทร์, 2535
850 _aNALT
856 4 0 _uhttps://hdl.handle.net/20.500.14156/410503
_71
942 _cGB
_2lcc